| 000 | 00720nam a2200277Ia 4500 | ||
|---|---|---|---|
| 001 | 3047 | ||
| 005 | 20240113233608.0 | ||
| 007 | ta | ||
| 008 | 080101s1995 ii a g b000 u 465 u | ||
| 020 | _a0-07-113849-8 | ||
| 040 | _aSKBL, Cotton College | ||
| 041 | _aeng | ||
| 082 |
_a530 _bBe 397 Co |
||
| 100 | _aBeiser, Arthur . | ||
| 245 | 0 |
_aConcepts of Modern Physics / _cArthur Beiser. _hTextual Documents |
|
| 250 | _a5th ed. / | ||
| 260 |
_aNew York : _bMcGraw -Hill Inc , _c1995. |
||
| 300 |
_a506p. : _bill ; _c25 cm. . |
||
| 500 | _aInternational edition. | ||
| 504 | _aAppendix Index | ||
| 653 | _aPhysics | ||
| 942 |
_2ddc _cBK |
||
| 999 |
_c3035 _d3035 |
||